00951cam a22002894i 4500003000900000005001700009008004100026020001500067035002700082040003300109082002200142100003300164245003000197264005000227300003800277336002100315337002500336338002300361505016400384526000900548526000900557526000800566526000800574526000800582600002400590650004700614PE-LiUPU20250731184103.0150623s r 000 0 d a0385240406 a(Sirsi) i9780385240406 aPE-LiUPUbspacPE-LiUPUerda04a818.5402bC792211 aCosby, Bill,d1937-,eautor.10aTime flies /cBill Cosby. 1aDoubleday, New York :bA Dolphin Book,c1987. a176 páginas ;c21 centímetros atext2rdacontent aunmediated2rdamedia avolume2rdacarrier0 aFrom temple to tire rack. That magician, your mind. Could I have a second opinion?. Do the legs go before the mind?. Time lurches on. Fifty is nifty after all. aP145 aP127 aP97 aP14 aP071 aCosby, Bill.d1937-04aComediantesxBiografíaszEstados Unidos.